000 00519nam a2200181Ia 4500
005 20250508162459.0
008 008 250505s9999 xx 000 0 eng d
037 _aReference
040 _aFEDL
_beng
_cFEDL
041 _aeng
_2eng
084 _a371.2, SHU
_qFEDL
100 _aShukla P D
_990316
245 0 _aAdministration of education in India
260 _aNew Delhi, India
_bVikas Publishing house Pvt Ltd
_c1983
300 _aviii,216p
942 _cREF
_h371.2, SHU
999 _c1376823
_d1376823